| 000 | 01250cam a22003497a 4500 | ||
|---|---|---|---|
| 003 | CHAP | ||
| 005 | 20220329143025.0 | ||
| 008 | 050831d2002 uk abd r 00110 eng d | ||
| 010 | _a90829 | ||
| 011 | _a91801 | ||
| 020 | _a1853838578 | ||
| 035 | _a102364 | ||
| 040 | _cCHAP | ||
| 082 | 0 | 4 |
_a681.763 _bU6 |
| 100 | 0 | 0 |
_aUphoff, Norman Thomas _e, ed. _9116802 |
| 245 | 1 | 0 |
_aAgroecological innovations: _bincreasing food production with participatory development _c/ed. by Norman Thomas Uphoff |
| 260 |
_aLondon, UK : _bEarthscan, _c2002 |
||
| 300 |
_a306 p. : _bilus. ; gráfs. ; mapas ; tablas |
||
| 590 |
_aBATCH-UPD _b10 _c20130110 _lUCH01 _h1139 |
||
| 590 |
_aBATCH-UPD _b10 _c20130410 _lUCH01 _h0725 |
||
| 590 |
_aBATCH-UPD _b10 _c20130913 _lUCH01 _h2232 |
||
| 590 |
_aBATCH-UPD _b10 _c20130914 _lUCH01 _h2123 |
||
| 590 |
_aCONVERSION _b10 _c20130109 _lUCH01 _h1350 |
||
| 650 | 1 | 4 |
_aAgricultura orgánica. _92005 |
| 650 | 1 | 4 |
_aAgricultura _xInnovaciones tecnológicas. _91565 |
| 650 | 1 | 4 |
_aAgricultura _xTransferencia de tecnología. _91885 |
| 650 | 1 | 4 |
_aCultivos _xRendimiento. _930318 |
| 901 | _aBK | ||
| 905 | _aMarco A. Mendoza T. | ||
| 942 | _cLIBRO | ||
| 949 |
_a681.763 U6 _bBC _cLIBRO _d33724000977005 _eLIBRO _gI.224493 _h106745 _i102364 _sb _t$526.00 |
||
| 999 |
_c90829 _d90829 |
||